| 000 | 00836nam a2200217 i 4500 | ||
|---|---|---|---|
| 001 | 161176 | ||
| 003 | ES-MaACL | ||
| 005 | 20230906212216.0 | ||
| 008 | 050712s1875 gw f |||| | eng d | ||
| 040 |
_aCAM _bspa _cCAM |
||
| 100 | 0 |
_aOuida ( _d1839-1908) _9130750 |
|
| 245 | 1 | 0 |
_aSigna _b: a story / _cby Ouida. |
| 260 |
_aLeipzig : _bBernhard Tauchnitz, _c1875. |
||
| 300 |
_a3 v. (296; 295; 303 p.), [1] h. de lám. ; _c16 cm. |
||
| 490 | 1 |
_aCollection iof British Authors ; _v1501; 1502; 1503 |
|
| 594 | _aOuida es seud. de Louise de La Ramée. | ||
| 599 | _aLa h. de lám.: "A. Weger sen. Leipzig", retrato de la autora. | ||
| 830 | 0 |
_aCollection iof British Authors ; _v1501; 1502; 1503 _9222087 |
|
| 852 |
_aES-MaACL _jG-12677 _z-- Enc. hol., conservando la enc. original _z-- Enc. 3 t. en 1 v. |
||
| 999 |
_c161176 _d161176 |
||